Pord Wuzzle (Difficulty: Hard!) - Statistics

General Stats
  • This quiz has been taken 337 times
  • The average score is 6 of 18
Answer Stats
Hint Answer % Correct
Hitting one out of the park or Attila, had he been born in the eternal city home run
71%
Job made obsolete by automatic doors or what the show Roseanne could have used doorman
66%
Shouting sorcerer or impressed reptile loud wizard
66%
Can't see distant objects or when a soothsayer was granted the title "Sir" nearsighted
59%
Electric pokemon or Hispanic girl dookie Pikachu
48%
Wealthy mover and shaker or excess lard around Fluffy's midsection fat cat
36%
Actual founder of Christianity or to apply a new color to an Israeli king Saint Paul
35%
South Asian capital or what some girls wanted to do after seeing the Hot in Herre video New Delhi
31%
The Wolverine or kosher Lex Luthor Hugh Jackman
27%
Favor asked of Dr Kevorkian or adjective for full European mammaries kill me
26%
Cool sketch or command to chop up a strand of spaghetti nice doodle
25%
A sow pasture or dish of ficus and Italian cheese? pig farm
25%
Electric wood cutting tool or evidence the dog found your key lime pie power saw
24%
Capital city or optical storage medium DC
21%
Electrical problem or alternate pronunciation of leading cable news channel no fuse
21%
The boys from O Brother Where Art Thou or a swampy city of angel rapists Soggy Bottom
19%
Cool Parisian guy or what Americans like to do with animal fat French dude
15%
Nemesis of high school janitors or friend who applies muck chewing gum
9%
No matching quizzes found
Score Distribution
Percent of People with Each Score
Percentile by Number Answered
Your Score History
You have not taken this quiz